| 000 | 00534nam a22001937a 4500 | ||
|---|---|---|---|
| 005 | 20260512161813.0 | ||
| 008 | 260512b |||||||| |||| 00| 0 eng d | ||
| 020 |
_a9788123908021 _c650.00 |
||
| 040 | _aMAIN | ||
| 041 | _aEnglish | ||
| 082 |
_a551.8 _bSAY |
||
| 100 |
_aSayeed, Ausaf _918849 |
||
| 245 |
_aTrends in Objective Geology _b: For Civil Services And Other Competitive Examinations |
||
| 250 | _a3rd | ||
| 260 |
_aNew Delhi _bCBS Publishers _c2024 |
||
| 300 | _a812 | ||
| 650 |
_aGeology (PM USHA) _926712 |
||
| 942 | _cBK | ||
| 999 |
_c60766 _d60766 |
||